[Event "AUT-chT Blitz"]
[Site "Pasching"]
[Date "2025.05.31"]
[Round "6.18"]
[White "Bologan, Viktor"]
[Black "Schernthaner, David"]
[Result "1-0"]
[WhiteElo "2601"]
[BlackElo "2401"]
[PlyCount "97"]
[EventDate "2025.05.31"]
[EventType "team-swiss (blitz)"]
[EventRounds "13"]
[EventCountry "AUT"]
[SourceTitle "CB23_2025"]
[SourceDate "2025.06.04"]
[SourceVersion "1"]
[SourceVersionDate "2025.06.04"]
[SourceQuality "1"]
[WhiteTeam "FIDE"]
[BlackTeam "Fuerstenfeld"]
[BlackTeamCountry "AUT"]

1. e4 g6 2. d4 Bg7 3. c4 d6 4. Nc3 e5 5. dxe5 dxe5 6. Qxd8+ Kxd8 7. f4 c6 8. Nf3 Bg4 9. Nxe5 Bxe5 10. fxe5 Nd7 11. Bf4 h6 12. h3 Be6 13. 0-0-0 g5 14. Bg3 Ne7 15. Be2 Ng6 16. Rhf1 Ke7 17. Nd5+ cxd5 18. exd5 Bxh3 19. gxh3 Ngxe5 20. c5 Rac8 21. b4 a5 22. a3 axb4 23. axb4 Ra8 24. Kb2 Ra4 25. d6+ Ke6 26. Kb3 Rha8 27. Bc4+ Nxc4 28. Kxc4 f6 29. Rde1+ Ne5+ 30. Bxe5 fxe5 31. Rd1 Ra2 32. d7 Rd8 33. Rd6+ Ke7 34. Rxh6 Rxd7 35. Kb5 Rb2 36. Rh7+ Kd8 37. Rf8+ Kc7 38. Rxd7+ Kxd7 39. Rf7+ Kc8 40. Rf5 Rb3 41. Rxe5 Rxh3 42. Re8+ Kc7 43. Re7+ Kc8 44. Rg7 Rb3 45. Ka5 Rb1 46. b5 Rf1 47. Rg8+ Kc7 48. Rg7+ Kc8 49. Kb6 1-0

[Event "AUT-chT Blitz"]
[Site "Pasching"]
[Date "2025.05.31"]
[Round "3.18"]
[White "Schernthaner, David"]
[Black "Stevic, Hrvoje"]
[Result "1/2-1/2"]
[WhiteElo "2401"]
[BlackElo "2535"]
[PlyCount "92"]
[EventDate "2025.05.31"]
[EventType "team-swiss (blitz)"]
[EventRounds "13"]
[EventCountry "AUT"]
[SourceTitle "CB23_2025"]
[SourceDate "2025.06.04"]
[SourceVersion "1"]
[SourceVersionDate "2025.06.04"]
[SourceQuality "1"]
[WhiteTeam "Fuerstenfeld"]
[BlackTeam "Kirchweyhe"]
[WhiteTeamCountry "AUT"]
[BlackTeamCountry "GER"]

1. e4 e5 2. Nf3 Nc6 3. Bb5 g6 4. d4 exd4 5. c3 Nge7 6. cxd4 d5 7. exd5 Nxd5 8. 0-0 Bg7 9. Bxc6+ bxc6 10. Re1+ Be6 11. Bg5 Qb8 12. Qd2 0-0 13. Nc3 Re8 14. Bh6 Bh8 15. Ng5 Bf5 16. Rxe8+ Qxe8 17. Re1 Qd7 18. Nce4 Re8 19. Nc5 Rxe1+ 20. Qxe1 Qd8 21. Nf3 Qe7 22. Qxe7 Nxe7 23. Bf4 Nd5 24. Be5 f6 25. Bg3 Bc8 26. h4 Bg7 27. Nd2 Kf7 28. Ndb3 Bf8 29. Kf1 Bd6 30. Na5 Bxc5 31. dxc5 Bd7 32. Ke2 Ke6 33. a3 Be8 34. f3 Kd7 35. Kd3 Bf7 36. b4 Be6 37. Bh2 h5 38. Nc4 Ne7 39. Ne3 Nf5 40. Nxf5 Bxf5+ 41. Kd4 a6 42. Bf4 Bc2 43. g4 Bd1 44. gxh5 gxh5 45. Ke4 f5+ 46. Kxf5 Bxf3 1/2-1/2

[Event "PlusCity Grand Prix Blitz"]
[Site "Pasching"]
[Date "2025.05.29"]
[Round "2"]
[White "Jobava, Baadur"]
[Black "Schernthaner, David"]
[Result "1-0"]
[WhiteElo "2600"]
[BlackElo "2401"]
[PlyCount "81"]
[EventDate "2025.05.29"]
[EventType "swiss (blitz)"]
[EventRounds "13"]
[EventCountry "AUT"]
[SourceTitle "CB23_2025"]
[SourceDate "2025.06.04"]
[SourceVersion "1"]
[SourceVersionDate "2025.06.04"]
[SourceQuality "1"]

1. b3 Nf6 2. Bb2 g6 3. Bxf6 exf6 4. c4 d5 5. cxd5 Qxd5 6. Nc3 Qa5 7. a3 c6 8. g3 Bg7 9. Bg2 0-0 10. e3 Be6 11. Nge2 f5 12. 0-0 Qb6 13. b4 a5 14. Rb1 axb4 15. axb4 Nd7 16. d4 Bc4 17. Qc2 Qa6 18. Rfd1 Nb6 19. Nf4 Rfd8 20. h4 Nd5 21. b5 Qa5 22. Ncxd5 cxd5 23. Bf1 Rdc8 24. Bxc4 dxc4 25. Nd5 Qd8 26. Nc3 Qd6 27. Ra1 Ra3 28. Rxa3 Qxa3 29. b6 Ra8 30. Nd5 Qd6 31. Qxc4 Bf8 32. Rb1 Rd8 33. Rb5 Ra8 34. Kg2 Ra1 35. Nf4 Qe7 36. Qd5 Ra6 37. Rb1 Ra4 38. Rc1 Rb4 39. Rc7 Qf6 40. Qxb7 Rxb6 41. Nd5 1-0

[Event "PlusCity Grand Prix Blitz"]
[Site "Pasching"]
[Date "2025.05.29"]
[Round "9"]
[White "Schernthaner, David"]
[Black "Dragnev, Valentin"]
[Result "0-1"]
[WhiteElo "2401"]
[BlackElo "2540"]
[PlyCount "92"]
[EventDate "2025.05.29"]
[EventType "swiss (blitz)"]
[EventRounds "13"]
[EventCountry "AUT"]
[SourceTitle "CB23_2025"]
[SourceDate "2025.06.04"]
[SourceVersion "1"]
[SourceVersionDate "2025.06.04"]
[SourceQuality "1"]

1. e4 c5 2. Nf3 d6 3. Bb5+ Bd7 4. c4 Nc6 5. 0-0 e5 6. Nc3 Nge7 7. d3 g6 8. Bg5 Bg7 9. Nd5 Qc8 10. Nf6+ Kf8 11. Qa4 h6 12. Nxd7+ Qxd7 13. Bxe7+ Kxe7 14. a3 a5 15. Qd1 Qc7 16. Bxc6 bxc6 17. Nd2 Rab8 18. b3 Rhd8 19. Rb1 Kf8 20. g3 Kg8 21. f4 exf4 22. gxf4 Qe7 23. Qf3 Bc3 24. Qg2 Kh8 25. Nf3 Rb7 26. Kh1 Rdb8 27. Qc2 Bg7 28. f5 gxf5 29. exf5 Qf6 30. Nd2 d5 31. cxd5 cxd5 32. Qxc5 Qc3 33. Qxc3 Bxc3 34. Nf3 Rxb3 35. Rbc1 Rxa3 36. Rc2 Rab3 37. Ra2 R8b7 38. Nh4 Rb1 39. Kg2 R1b2+ 40. Rxb2 Rxb2+ 41. Kg3 Be5+ 42. Kg4 Rb4+ 43. Kh5 Bf6 44. Nf3 Rf4 45. Kxh6 a4 46. h3 a3 0-1

[Event "Titled Tuesday intern op 04th Feb Late"]
[Site "Chess.com INT"]
[Date "2025.02.04"]
[Round "3"]
[White "Ragger, Markus"]
[Black "Schernthaner, David"]
[Result "1-0"]
[WhiteElo "2580"]
[BlackElo "2388"]
[PlyCount "77"]
[EventDate "2025.02.04"]
[EventType "swiss (blitz)"]
[EventRounds "11"]
[EventCountry "USA"]
[SourceTitle "CB07_2025"]
[SourceDate "2025.02.12"]
[SourceVersion "1"]
[SourceVersionDate "2025.02.12"]
[SourceQuality "1"]

1. d4 e6 2. c4 b6 3. e4 Bb7 4. Bd3 Bb4+ 5. Kf1 Be7 6. Nc3 d6 7. Nf3 Nd7 8. h3 e5 9. d5 Ngf6 10. Be3 Nc5 11. Bc2 a5 12. a3 Ba6 13. Nd2 0-0 14. g4 Nfd7 15. h4 a4 16. Nxa4 b5 17. Nxc5 Nxc5 18. b4 Nd7 19. a4 bxc4 20. b5 Bb7 21. Nxc4 Bxh4 22. Qf3 h6 23. Ke2 Bg5 24. Bxg5 Qxg5 25. Rh5 Qg6 26. g5 Bxd5 27. Ne3 Be6 28. gxh6 gxh6 29. Rah1 Kg7 30. Nf5+ Bxf5 31. exf5 Qf6 32. Rxh6 Qxh6 33. Qg3+ Kf6 34. Rxh6+ Ke7 35. f6+ Kd8 36. Qg7 Kc8 37. Bf5 Kd8 38. Rh8 Ke8 39. Bxd7+ 1-0

[Event "Titled Tuesday intern op 04th Feb Late"]
[Site "Chess.com INT"]
[Date "2025.02.04"]
[Round "2"]
[White "Schernthaner, David"]
[Black "Rustemov, Alexander"]
[Result "1-0"]
[WhiteElo "2388"]
[BlackElo "2525"]
[PlyCount "123"]
[EventDate "2025.02.04"]
[EventType "swiss (blitz)"]
[EventRounds "11"]
[EventCountry "USA"]
[SourceTitle "CB07_2025"]
[SourceDate "2025.02.12"]
[SourceVersion "1"]
[SourceVersionDate "2025.02.12"]
[SourceQuality "1"]

1. b3 d5 2. Bb2 Bf5 3. g3 e6 4. Bg2 Nf6 5. d3 h6 6. Nd2 c5 7. Nh3 Nc6 8. 0-0 Be7 9. e4 Bh7 10. Nf4 0-0 11. exd5 Nxd5 12. Nxd5 exd5 13. Qg4 Bg6 14. h4 h5 15. Qf3 d4 16. Rfe1 Rc8 17. a3 Qd7 18. Nc4 Rfe8 19. Bc1 b5 20. Ne5 Nxe5 21. Rxe5 Bf6 22. Rxe8+ Rxe8 23. Bd2 c4 24. Qc6 Qxc6 25. Bxc6 Re2 26. Bg5 Bxg5 27. hxg5 cxd3 28. cxd3 a6 29. a4 b4 30. Rc1 Bxd3 31. Rd1 Bc2 32. Rxd4 a5 33. Rd8+ Kh7 34. Bd5 Re5 35. Bxf7 Rxg5 36. Bg8+ Kh6 37. Rd6+ g6 38. Rd7 Rc5 39. Bc4 Bf5 40. Ra7 Kg5 41. Kg2 h4 42. gxh4+ Kxh4 43. Kf3 Kg5 44. Kg3 Re5 45. f4+ Kf6 46. fxe5+ Kxe5 47. Rxa5+ Kd4 48. Rb5 Kc3 49. a5 Bd7 50. Rb6 Bf5 51. a6 Be4 52. a7 g5 53. Rb5 g4 54. Bd5 Bxd5 55. Rxd5 Kxb3 56. a8Q Kc4 57. Qc6+ Kb3 58. Rd3+ Kb2 59. Qg2+ Kc1 60. Qd2+ Kb1 61. Rb3+ Ka1 62. Qb2# 1-0

[Event "AUT-chT2M 2425"]
[Site "Austria"]
[Date "2024.10.19"]
[Round "2.2"]
[White "Postlmayer, Jakob"]
[Black "Schernthaner, David"]
[Result "1/2-1/2"]
[WhiteElo "2379"]
[BlackElo "2389"]
[PlyCount "105"]
[EventDate "2024.10.18"]
[EventType "team-tourn"]
[EventRounds "11"]
[EventCountry "AUT"]
[SourceTitle "CB44_2024"]
[Source "Chessbase"]
[SourceDate "2024.10.30"]
[SourceVersion "1"]
[SourceVersionDate "2024.10.30"]
[SourceQuality "1"]
[WhiteTeam "St Valentin"]
[BlackTeam "Fuerstenfeld/Hartberg"]
[WhiteTeamCountry "AUT"]
[BlackTeamCountry "AUT"]

1. d4 Nf6 2. c4 e6 3. Nc3 Bb4 4. Qc2 d5 5. a3 Bxc3+ 6. Qxc3 Nbd7 7. cxd5 exd5 8. Bf4 c6 9. Qe3+ Qe7 10. Qxe7+ Kxe7 11. e3 Nb6 12. Bd3 Bg4 13. Ne2 Bh5 14. Ng3 Bg6 15. Nf5+ Bxf5 16. Bxf5 Ne4 17. f3 Nd6 18. Bd3 a5 19. a4 h6 20. b3 Kd7 21. Kd2 Rhe8 22. g4 Ra7 23. h4 Na8 24. Be5 f6 25. Bxd6 Kxd6 26. g5 hxg5 27. hxg5 b6 28. gxf6 gxf6 29. Rh6 Rf8 30. Rg1 Raf7 31. e4 Nc7 32. Rgg6 Ke7 33. Ke3 Ne8 34. Rh5 Ng7 35. Rh1 Ne6 36. Rhh6 Rg7 37. Rxg7+ Nxg7 38. Rh7 Kf7 39. Ba6 Kg6 40. Rh1 dxe4 41. Rg1+ Kf7 42. Bc4+ Ne6 43. fxe4 Ke7 44. Rc1 Ng5 45. Bd3 Kd6 46. Rf1 Ke7 47. Rh1 Rf7 48. e5 fxe5 49. dxe5 Rf3+ 50. Ke2 Rg3 51. Bc4 b5 52. axb5 cxb5 53. Bxb5 1/2-1/2

[Event "AUT-chT 2425"]
[Site "Austria"]
[Date "2024.10.09"]
[Round "1.5"]
[White "Perunovic, Milos"]
[Black "Schernthaner, David"]
[Result "1/2-1/2"]
[WhiteElo "2525"]
[BlackElo "2389"]
[PlyCount "44"]
[EventDate "2024.10.09"]
[EventType "team-tourn"]
[EventRounds "11"]
[EventCountry "AUT"]
[SourceTitle "CB42_2024"]
[Source "ChessBase"]
[SourceDate "2024.10.16"]
[SourceVersion "1"]
[SourceVersionDate "2024.10.16"]
[SourceQuality "1"]
[WhiteTeam "Pinggau Friedberg"]
[BlackTeam "Fuerstenfeld/Hartberg"]
[WhiteTeamCountry "AUT"]
[BlackTeamCountry "AUT"]

1. e4 c5 2. Nf3 d6 3. d4 cxd4 4. Nxd4 Nf6 5. Nc3 a6 6. Bg5 e6 7. Qf3 Nbd7 8. 0-0-0 Qc7 9. Kb1 Be7 10. g4 b5 11. Bxf6 Nxf6 12. g5 Nd7 13. h4 b4 14. Nce2 Bb7 15. Ng3 Rc8 16. Bh3 Nc5 17. Rhe1 0-0 18. Qe3 Na4 19. Qb3 Nc5 20. Qe3 Na4 21. Qb3 Nc5 22. Qe3 Na4 1/2-1/2

[Event "Titled Tuesday intern op 24th Sep Late"]
[Site "Chess.com INT"]
[Date "2024.09.24"]
[Round "4"]
[White "Grigoriants, Sergey"]
[Black "Schernthaner, David"]
[Result "1-0"]
[WhiteElo "2533"]
[BlackElo "2390"]
[PlyCount "41"]
[EventDate "2024.09.24"]
[EventType "swiss (blitz)"]
[EventRounds "11"]
[EventCountry "USA"]
[SourceTitle "EXT 2025"]
[Source "ChessBase"]
[SourceDate "2024.10.14"]
[SourceVersion "1"]
[SourceVersionDate "2024.10.14"]
[SourceQuality "1"]

1. e4 d6 2. d4 g6 3. h4 h6 4. Nc3 Bg7 5. h5 g5 6. f4 gxf4 7. Bxf4 c6 8. Qd2 Bg4 9. Be2 Bxe2 10. Ngxe2 Nd7 11. 0-0-0 Qa5 12. Kb1 0-0-0 13. Ng3 Qc7 14. Nf5 Bf8 15. e5 dxe5 16. dxe5 Nc5 17. Qe3 Rxd1+ 18. Rxd1 Qb6 19. e6 f6 20. Qd4 a5 21. Na4 1-0

[Event "Titled Tuesday intern op 24th Sep Late"]
[Site "Chess.com INT"]
[Date "2024.09.24"]
[Round "8"]
[White "Schernthaner, David"]
[Black "Hambleton, Aman"]
[Result "0-1"]
[WhiteElo "2390"]
[BlackElo "2420"]
[PlyCount "54"]
[EventDate "2024.09.24"]
[EventType "swiss (blitz)"]
[EventRounds "11"]
[EventCountry "USA"]
[SourceTitle "EXT 2025"]
[Source "ChessBase"]
[SourceDate "2024.10.14"]
[SourceVersion "1"]
[SourceVersionDate "2024.10.14"]
[SourceQuality "1"]

1. g3 d5 2. Bg2 c6 3. Nf3 Nf6 4. 0-0 Bf5 5. d3 h6 6. b3 e6 7. Bb2 Be7 8. Nbd2 0-0 9. c4 a5 10. a3 Re8 11. Qc2 Bh7 12. Rac1 Bd6 13. Qb1 e5 14. cxd5 cxd5 15. e4 Nc6 16. Rfe1 d4 17. Nc4 Bf8 18. Bh3 Ra6 19. Kg2 Nd7 20. Qc2 Nc5 21. Qd1 b5 22. b4 axb4 23. axb4 Na4 24. Ba1 Bxb4 25. Ncd2 Bc3 26. Qb3 b4 27. Nc4 Nc5 0-1

[Event "Titled Tuesday intern op 24th Sep Late"]
[Site "Chess.com INT"]
[Date "2024.09.24"]
[Round "5"]
[White "Schernthaner, David"]
[Black "Joseph Benher, Savio"]
[Result "1-0"]
[WhiteElo "2390"]
[BlackElo "2114"]
[PlyCount "53"]
[EventDate "2024.09.24"]
[EventType "swiss (blitz)"]
[EventRounds "11"]
[EventCountry "USA"]
[SourceTitle "EXT 2025"]
[Source "ChessBase"]
[SourceDate "2024.10.14"]
[SourceVersion "1"]
[SourceVersionDate "2024.10.14"]
[SourceQuality "1"]

1. g3 c6 2. Bg2 b5 3. d4 a5 4. Nf3 Nf6 5. 0-0 a4 6. Re1 d5 7. Bf4 e6 8. Nbd2 Bd6 9. Ne5 0-0 10. e4 a3 11. b3 b4 12. Rc1 Nfd7 13. Nxc6 Nxc6 14. Bxd6 Re8 15. exd5 exd5 16. Bxd5 Bb7 17. Qf3 Qf6 18. Qxf6 Nxf6 19. Bxc6 Bxc6 20. Bxb4 Red8 21. c3 Nd5 22. Bc5 Nc7 23. Nc4 Ne6 24. Bxa3 Bd5 25. Be7 Rd7 26. Nb6 Rxe7 27. Nxd5 1-0

[Event "Titled Tuesday intern op 17th Sep Late"]
[Site "Chess,com INT"]
[Date "2024.09.17"]
[Round "9"]
[White "Schernthaner, David"]
[Black "Shapiro, Viktor"]
[Result "0-1"]
[WhiteElo "2390"]
[BlackElo "2074"]
[PlyCount "90"]
[EventDate "2024.09.17"]
[EventType "swiss (blitz)"]
[EventRounds "11"]
[EventCountry "USA"]
[SourceTitle "EXT 2025"]
[Source "ChessBase"]
[SourceDate "2024.10.14"]
[SourceVersion "1"]
[SourceVersionDate "2024.10.14"]
[SourceQuality "1"]

1. g3 Nf6 2. Bg2 c5 3. d3 Nc6 4. Nc3 d5 5. e4 d4 6. Nce2 e5 7. h3 Bd6 8. f4 a6 9. Nf3 b5 10. 0-0 h6 11. fxe5 Nxe5 12. Bf4 Qe7 13. Qd2 Bb7 14. a4 0-0 15. b3 Bc6 16. Nh4 bxa4 17. Nf5 Qc7 18. Bxh6 Ne8 19. Nxg7 Nxg7 20. Nf4 Be7 21. bxa4 Qd6 22. Bxg7 Kxg7 23. Nh5+ Kh7 24. Rf5 Bd7 25. Rf2 Rg8 26. Raf1 Bg5 27. Qd1 Be3 28. Kh2 Bxf2 29. Rxf2 Rg6 30. Qf1 Rf8 31. Nf6+ Kg7 32. Nh5+ Kh8 33. Rf4 Qe7 34. Rh4 Rh6 35. Qf4 Qd6 36. Nf6 Nf3+ 37. Bxf3 Qxf4 38. Rxf4 Bxa4 39. Nd5 Bxc2 40. Be2 c4 41. dxc4 d3 42. Bf3 Rc6 43. Ne3 Rd8 44. Rf5 Bb3 45. Rc5 Rxc5 0-1

[Event "Titled Tuesday intern op 10th Sep Late"]
[Site "Chess,com INT"]
[Date "2024.09.10"]
[Round "2"]
[White "Schernthaner, David"]
[Black "Alekseev, Evgeny V"]
[Result "0-1"]
[WhiteElo "2390"]
[BlackElo "2537"]
[PlyCount "87"]
[EventDate "2024.09.10"]
[EventType "swiss (blitz)"]
[EventRounds "11"]
[EventCountry "USA"]
[SourceTitle "EXT 2025"]
[Source "ChessBase"]
[SourceDate "2024.10.14"]
[SourceVersion "1"]
[SourceVersionDate "2024.10.14"]
[SourceQuality "1"]

1. g3 c5 2. Bg2 g6 3. Nc3 Bg7 4. d3 Nc6 5. Nf3 d6 6. 0-0 e5 7. e4 Nge7 8. Nh4 0-0 9. f4 exf4 10. Bxf4 h6 11. Nf3 Be6 12. Qd2 Kh7 13. Kh1 d5 14. Rae1 Qd7 15. a3 b6 16. exd5 Nxd5 17. Ne5 Nxe5 18. Bxe5 Rae8 19. Bxg7 Kxg7 20. Ne4 f5 21. Nc3 Nf6 22. Qf4 Bf7 23. Qf3 Rxe1 24. Rxe1 Re8 25. Rxe8 Qxe8 26. Qe2 Qxe2 27. Nxe2 Ng4 28. c4 Nf2+ 29. Kg1 Nxd3 30. b3 Kf6 31. Bf3 Ke5 32. Nc3 Nc1 33. Bd1 Kd4 34. Nb5+ Kd3 35. Nxa7 Kd2 36. Bf3 Nxb3 37. Nc8 Bxc4 38. Nxb6 Be6 39. Bc6 c4 40. Nxc4+ Bxc4 41. Be8 g5 42. Kf2 Nc5 43. Bg6 Nd3+ 44. Kf3 0-1

[Event "Titled Tuesday intern op 03rd Sep Early"]
[Site "Chess.com INT"]
[Date "2024.09.03"]
[Round "1"]
[White "Schernthaner, David"]
[Black "Ejsymont, Blanka"]
[Result "0-1"]
[WhiteElo "2390"]
[BlackElo "1861"]
[PlyCount "100"]
[EventDate "2024.09.03"]
[EventType "swiss (blitz)"]
[EventRounds "11"]
[EventCountry "USA"]
[SourceTitle "EXT 2025"]
[Source "ChessBase"]
[SourceDate "2024.10.14"]
[SourceVersion "1"]
[SourceVersionDate "2024.10.14"]
[SourceQuality "1"]

1. d4 Nf6 2. Bf4 e6 3. e3 c5 4. c3 cxd4 5. exd4 b6 6. Nf3 Be7 7. Nbd2 0-0 8. Bd3 Ba6 9. Bxa6 Nxa6 10. 0-0 d6 11. Qe2 Nc7 12. Rfe1 Nfd5 13. Bg3 a6 14. h4 b5 15. h5 h6 16. a3 Nf6 17. Rac1 Nxh5 18. Bh2 Nf6 19. b3 Ncd5 20. c4 bxc4 21. bxc4 Nc7 22. Ne4 Rc8 23. Red1 d5 24. Nxf6+ Bxf6 25. cxd5 Nxd5 26. Qxa6 Qd7 27. Be5 Ra8 28. Qd3 Qa4 29. Ra1 Rfc8 30. Bxf6 Nxf6 31. Ne5 Nd5 32. g3 Rc3 33. Qe4 Rxa3 34. Rxa3 Qxd1+ 35. Kg2 Rxa3 36. Nc4 Ra1 37. Qh4 Qd3 38. Ne5 Qf1+ 39. Kf3 Qh1+ 40. Qxh1 Rxh1 41. Nd3 Rd1 42. Ke2 Ra1 43. Ne5 Ra4 44. Kd3 f6 45. Nf3 Ra2 46. Nd2 Rxd2+ 47. Kxd2 Kf7 48. Kd3 Kg6 49. Ke4 Kg5 50. Kf3 Kf5 0-1

[Event "Titled Tuesday intern op 03rd Sep Early"]
[Site "Chess.com INT"]
[Date "2024.09.03"]
[Round "4"]
[White "Schernthaner, David"]
[Black "Vincenti, Leonardo"]
[Result "0-1"]
[WhiteElo "2390"]
[BlackElo "2152"]
[PlyCount "68"]
[EventDate "2024.09.03"]
[EventType "swiss (blitz)"]
[EventRounds "11"]
[EventCountry "USA"]
[SourceTitle "EXT 2025"]
[Source "ChessBase"]
[SourceDate "2024.10.14"]
[SourceVersion "1"]
[SourceVersionDate "2024.10.14"]
[SourceQuality "1"]

1. d4 Nf6 2. Bf4 g6 3. e3 Bg7 4. Nf3 d6 5. h3 0-0 6. Be2 Nc6 7. 0-0 Re8 8. Bh2 Bf5 9. c4 e5 10. Nc3 exd4 11. exd4 Ne4 12. Nxe4 Bxe4 13. d5 Ne5 14. Nxe5 Bxe5 15. Bxe5 Rxe5 16. Bf3 Qf6 17. Bxe4 Rxe4 18. b3 Rae8 19. Qd2 Re2 20. Qa5 Rxf2 21. Qxa7 Ree2 22. Rxf2 Qxa1+ 23. Kh2 Qe5+ 24. Kg1 Qa1+ 25. Kh2 Re1 26. Qb8+ Kg7 27. Qxc7 Rh1+ 28. Kg3 Qe5+ 29. Rf4 Qg5+ 30. Rg4 Qe3+ 31. Kh4 Qf2+ 32. g3 Qf6+ 33. Rg5 h6 34. Qxf7+ Kxf7 0-1

[Event "Olomouc IM-B 25th"]
[Site "Olomouc"]
[Date "2024.08.13"]
[Round "5"]
[White "Plischki, Sebastian"]
[Black "Schernthaner, David"]
[Result "1/2-1/2"]
[WhiteElo "2325"]
[BlackElo "2331"]
[PlyCount "38"]
[EventDate "2024.08.10"]
[EventType "tourn"]
[EventRounds "9"]
[EventCountry "CZE"]
[SourceTitle "CBM 221 Extra"]
[Source "ChessBase"]
[SourceDate "2024.09.30"]
[SourceVersion "1"]
[SourceVersionDate "2024.09.30"]
[SourceQuality "1"]

1. d4 Nf6 2. c4 e6 3. Nc3 Bb4 4. e3 0-0 5. Bd2 b6 6. Nf3 Bb7 7. Bd3 Bxc3 8. Bxc3 Ne4 9. Bxe4 Bxe4 10. d5 f6 11. Nd2 Bg6 12. h4 Bf7 13. Qf3 exd5 14. cxd5 c6 15. d6 Na6 16. 0-0 Nc5 17. b3 Qe8 18. e4 Qe6 19. Qg3 Nxe4 1/2-1/2

[Event "Olomouc IM-B 25th"]
[Site "Olomouc"]
[Date "2024.08.11"]
[Round "2"]
[White "Zavurka, Roman"]
[Black "Schernthaner, David"]
[Result "0-1"]
[WhiteElo "2191"]
[BlackElo "2331"]
[PlyCount "106"]
[EventDate "2024.08.10"]
[EventType "tourn"]
[EventRounds "9"]
[EventCountry "CZE"]
[SourceTitle "CBM 221 Extra"]
[Source "ChessBase"]
[SourceDate "2024.09.30"]
[SourceVersion "1"]
[SourceVersionDate "2024.09.30"]
[SourceQuality "1"]

1. d4 Nf6 2. Bf4 c5 3. e3 Qb6 4. Nc3 d6 5. Bb5+ Bd7 6. a4 a6 7. a5 Qc7 8. Bxd7+ Nbxd7 9. Nf3 g6 10. 0-0 Bg7 11. h3 0-0 12. Bh2 Rfe8 13. Ne2 Qc6 14. c3 e5 15. Qa4 Bf8 16. Qxc6 bxc6 17. dxe5 Nxe5 18. Bxe5 dxe5 19. Nd2 Rad8 20. Nc4 Ne4 21. Rfd1 Nd6 22. Nb6 Nb7 23. g4 Rxd1+ 24. Rxd1 Nxa5 25. Nd7 Kg7 26. Ra1 Nc4 27. Rxa6 Rd8 28. Ra7 Bd6 29. Ng3 Bb8 30. Rb7 Nd6 31. Rxb8 Rxd7 32. Rb6 Rc7 33. b3 Kf6 34. Kg2 Ke6 35. f4 e4 36. c4 f5 37. Ne2 Kd7 38. Kg3 Ra7 39. Rb8 Nc8 40. Nc3 Kc7 41. Rxc8+ Kxc8 42. Na4 Kc7 43. gxf5 gxf5 44. Kh4 Kd6 45. Kg5 Rf7 46. h4 Rf8 47. h5 Rf7 48. h6 Rf8 49. Nc3 Ke6 50. Na4 Rg8+ 51. Kh4 Kd6 52. Kh3 Rg6 53. Kh4 Rxh6+ 0-1

[Event "AUT-ch"]
[Site "Linz"]
[Date "2024.08.03"]
[Round "8"]
[White "Schernthaner, David"]
[Black "Balint, Peter1"]
[Result "1-0"]
[WhiteElo "2329"]
[BlackElo "2317"]
[PlyCount "69"]
[EventDate "2024.07.27"]
[EventType "swiss"]
[EventRounds "9"]
[EventCountry "AUT"]
[SourceTitle "CBM 221 Extra"]
[Source "ChessBase"]
[SourceDate "2024.09.30"]
[SourceVersion "1"]
[SourceVersionDate "2024.09.30"]
[SourceQuality "1"]

1. e4 e5 2. Nf3 Nc6 3. Bb5 a6 4. Ba4 Nf6 5. 0-0 Be7 6. Re1 b5 7. Bb3 0-0 8. a4 Bb7 9. d3 Re8 10. Nbd2 Bf8 11. Nf1 h6 12. Ng3 Na5 13. Ba2 c5 14. Bd2 b4 15. c3 d5 16. cxb4 cxb4 17. Rc1 Qd6 18. d4 Nxe4 19. Nxe5 Nxd2 20. Qxd2 Rac8 21. Rxc8 Rxc8 22. Qd3 g6 23. h4 h5 24. f4 Nc4 25. f5 Nxe5 26. dxe5 Qc5+ 27. Kh2 Qf2 28. Rf1 Qxb2 29. fxg6 d4 30. Ne4 Qxa2 31. gxf7+ Kh8 32. Rf5 Rc3 33. Rxh5+ Kg7 34. Rh7+ Kg6 35. Nxc3+ 1-0